000 00817nam a2200265 i 4500
003 DO-SdBNP
005 20240611155159.0
007 ta
008 240611b2009 cu ||||| |||| 00| 0 spa d
020 _a9789592099265
040 _aDO-SdBNP
_bspa
_cBNPHU
_erda
082 4 _222
100 _aBahr, Aida,
_d1958-
_929733
_eautor
245 1 0 _aA merced de mí /
_cAida Bahr ; edición, Anele Arnautó Trillo
264 _aLa Habana, Cuba :
_bUnión de Escritores y Artistas de Cuba,
_c2009.
300 _a127 páginas ;
_c19 cm.
336 _2rdacontent
_atexto
_btxt
337 _2rdamedia
_asin mediación
_bn
338 _2rdacarrier
_avolumen
_bnc
490 _acontemporáneos
590 _aInventariado, 2024/BT
700 _aArnautú Trillo, Anele,
_eedición
_985638
910 _aBtavárez
942 _2ddc
_cLBS1
999 _c56816
_d56816